00609nam a2200181Ia 4500008004100000020001500041041001200056082001600068100002000084245006100104260003500165300000800200650001400208700001200222942000700234999001500241952017100256221030s9999 xx 000 0 und d a8177582488 aEnglish a105.23bKer aB. W. Kernighan 4aThe Practice of Programmingcby B. W. Kernighan, R. Pike bPearson EducationaDelhic2006 a267 aComputers aR. Pike cBK c2723d2723 pM 963g310.00l0o105.23 Kerr2024-06-10 00:00:00w2022-10-30yBK003Print4070aMIETLIBbMIETLIBcBL-Academic Block- B, FL-1, CUP-96, SH-1, R-1d2006-09-0610HMCA